Statistics for Actors With Most Award Nominations

Click here to take the quiz!

General Stats

  • This quiz has been taken 295 times
  • The average score is 10 of 25

Answer Stats

HintAnswer% Correct
179 (52 wins)Leonardo Di Caprio
75%
111 (50 wins)Robert De Niro
74%
140 (59 wins)Tom Hanks
70%
127 (44 wins)Brad Pitt
69%
162 (93 wins)Jack Nicholson
68%
102 (41 wins)Tom Cruise
57%
173 (135 wins)Daniel Day-Lewis
55%
110 (60 wins)Morgan Freeman
55%
141 (65 wins)Denzel Washington
54%
154 (49 wins)George Clooney
48%
136 (58 wins)Johnny Depp
48%
118 (59 wins)Christian Bale
41%
113 (72 wins)Sean Penn
40%
114 (53 wins)Robin Williams
34%
105 (36 wins)Robert Downey Jr.
27%
112 (77 wins)Heath Ledger
24%
102 (53 wins)Edward Norton
22%
106 (69 wins)Colin Firth
21%
110 (32 wins)Joaquin Phoenix
18%
114 (44 wins)Jim Carrey
14%
155 (98 wins)Javier Bardem
12%
104 (50 wins)Adam Sandler
11%
130 (65 wins)Michael Fassbender
8%
107 (24 wins)Steve Carell
4%
108 (56 wins)Shah Rukh Khan
1%

Score Distribution

Percentile by Number Answered

Percent of People with Each Score

Your Score History

You have not taken this quiz